000 01459nam2a22002651 4500
001 RU\NLR\INFOCOMM10\1000197139
005 20250617044622.0
035 _a(NLR Aleph) 002459060
090 _a2235003
_c2235003
100 _a20040315d1979 |||y0rusy50 ca
101 0 _arus
102 _aRU
105 _ay |||||||||
200 1 _aОбразование и динамика дневного среднеширотного слоя Еионосферы
_fГ.С. Иванов-Холодный, А.А. Нусинов
210 _d1979
_aБ. м.
461 0 _1001RU\NLR\INFOCOMM10\1000197108
_12001#$aТруды$fГлав. упр. гидрометеорол. службы при Совете Министров СССР. Ин-т прикладной геофизики$vВып.37
_92234724
_aИнститут прикладной геофизики им. Е.К. Федорова (Москва)
_cЛ.
_d1965 -
_fГлав. упр. гидрометеорол. службы при Совете Министров СССР. Ин-т прикладной геофизики
_nГидрометеоиздат
_tТруды
_vВып.37
700 1 _4070
_7ca
_8rus
_aИванов-Холодный
_bГ. С.
_f1928-2016
_gГор Семенович
_9229956
_3RU\NLR\AUTH\770230012
701 1 _aНусинов
_bА.А.
_4070
801 1 _aRU
_bInfoComm
_c20040315
801 0 _aRU
_bNLR
_gPSBO
852 _aNLR
_jП8/728
942 _cISSUE
980 _aNB
980 _aRUSPER